000 01257nam a22002537a 4500
999 _c22164
_d22164
003 AR-CdUCM
008 190425b ||||| |||| 00| 0 spa d
040 _aMUNICIPALIDAD PROVINCIAL DEL CUSCO
_cBIBLIOTECA MUNICIPAL DEL CUSCO
082 _aOropesa/N°45/2003
245 _aOropesa :
_brevista de cultura y educación de opinión y crítica /
_cAmérico Valer Vargas, Director
260 _aCusco.
_bPantigozo,
_c2003.
300 _a22 páginas. :
_bilustraciones ;
_c30 cm.
440 _aOropesa.
_nAño XXII, N°XLV, febrero 2003.
_947582
505 _aContenido: Camisea y el desarrollo regional. Evolución del estado andino Inka. Armando Valenzuela Lovón. -- Machupicchu en Yale revelando el misterio de los Incas. -- La derrama magisterial aprobó presupuesto para el centro recreacional de San Jerónimo. -- Las calles del Cusco eterno. Germán Bausch Bedoya. -- Oropesa recordó su CXLII aniversario de vida política.
650 _aPolítica cusqueña
_947381
650 _aCultura andina
_947570
650 _aSociedad cusqueña
_947493
650 _aSiglo XX
_947561
700 _aValer Vargas, Alejandro
_947563
700 _aValenzuela Lovón, Armando
_91192
700 _aBausch Bedoya, Germán
_92053
942 _2ddc
_cPP
945 _arac